Promocion de exportaciones y desarrollo nacional /

Bibliographic Details
Main Author: Ffrench-Davis, Ricardo
Other Authors: Piñera Echenique, José
Format: Book
Language:Spanish
Published: Santiago, Chile : Corporacion de Investigaciones Economicas para Latinoamerica, 1976.
Series:Estudios CIEPLAN ; 2.
Subjects:

MARC

Tag First Indicator Second Indicator Subfields
LEADER 00000cam a2200000 a 4500
001 in00000090404
005 20151008063700.0
008 771006s1976 cl b 00010 spam
010 |a  77555108  
035 |a (OCoLC)03483660 
035 |9 AAK2728AM 
040 |a DLC  |c DLC  |d TXA  |d UtOrBLW 
049 |a TXAM  |c [387528] 
050 0 0 |a HF1408  |b .F47 
100 1 |a Ffrench-Davis, Ricardo. 
245 1 0 |a Promocion de exportaciones y desarrollo nacional /  |c Ricardo Ffrench-Davis, Jose Pinera Echenique. 
264 1 |a Santiago, Chile :  |b Corporacion de Investigaciones Economicas para Latinoamerica,  |c 1976. 
300 |a 42 pages ;  |c 21 cm. 
336 |a text  |b txt  |2 rdacontent 
337 |a unmediated  |b n  |2 rdamedia 
338 |a volume  |b nc  |2 rdacarrier 
490 1 |a Estudios CIEPLAN ;  |v 2 
504 |a Includes bibliographical references. 
650 0 |a Foreign trade promotion. 
650 0 |a Economic development. 
700 1 |a Piñera Echenique, José. 
830 0 |a Estudios CIEPLAN ;  |v 2. 
999 |a MARS 
999 f f |s 54a34669-9240-3037-b376-efe939a8792c  |i ac6dd350-356f-3278-9273-20a20ea64aa3  |t 0 
952 f f |p ric  |a Texas A&M University  |b Rellis Campus  |c Joint Library Facility  |d Remote Storage  |t 0  |e HF1408 .F47  |h Library of Congress classification  |i unmediated -- volume  |m A14806133400 
998 f f |a HF1408 .F47  |t 0  |l Remote Storage